| 000 | 00675nam a2200205 a 4500 | ||
|---|---|---|---|
| 005 | 20210223125219.0 | ||
| 008 | 031106s2002 mx r 000 0 spa d | ||
| 020 | _a8449312396 | ||
| 035 | _aUPN01000130740 | ||
| 049 | _aCG | ||
| 050 | 4 |
_aN7640 _bM3.2 |
|
| 100 | 1 | _aMatthews, John | |
| 245 | 1 | 3 |
_aEl arte de la infancia y la adolescencia : _bla construcción del significado / _cJohn Matthews ; tr. de Genís Sánchez Barberán. |
| 260 |
_aBarcelona, Esp. : _bPaidós, _c2002. |
||
| 300 |
_a333 p. : _bil. |
||
| 440 | 0 |
_aArte y educación ; _v2 |
|
| 534 |
_pTítulo original: _tThe art of childhood and adolescense |
||
| 650 | 4 |
_aNIÑOS EN EL ARTE _96654 |
|
| 905 | _aLibro | ||
| 999 |
_c102897 _d102897 |
||